| 000 | 00410nam a2200145Ia 4500 | ||
|---|---|---|---|
| 008 | 230917s9999||||xx |||||||||||||| ||und|| | ||
| 040 |
_e64186 _aMAIN |
||
| 041 | _aEnglish | ||
| 082 | _a589.20954 B492F | ||
| 100 | _aBilgrami, K S, ed | ||
| 245 | 0 | _aFungi of India. Part-I: List and references; Part-II Host index and addenda | |
| 260 |
_aNew Delhi _bToday & Tomorrow _c1981 |
||
| 300 | _a467 p. | ||
| 942 | _cBK | ||
| 999 |
_c43214 _d43214 |
||